Toutes les communes de Haute-Garonne sur une carte - Statistiques

Statistiques générales
  • Ce quiz a été pris 1 588 fois
  • Le résultat moyen est 66 sur 586
Réponses sur la Carte
Les réponses sont colorées sur une échelle allant du rouge au vert en fonction du pourcentage des utilisateurs qui les ont devinées à leur premier essai. Vous pouvez retrouver ces pourcentages ci-dessous.
 
Statistiques - réponses
Population Commune % Correct
498 003 Toulouse
98%
26 101 Blagnac
86%
24 762 Muret
80%
39 866 Colomiers
77%
17 006 Balma
72%
28 763 Tournefeuille
68%
11 664 Saint-Gaudens
63%
12 339 L' Union
58%
14 730 Ramonville-Saint-Agne
57%
59 Portet-d'Aspet
56%
39 Portet-de-Luchon
56%
9 832 Portet-sur-Garonne
56%
4 122 Labège
51%
13 163 Saint-Orens-de-Gameville
49%
14 377 Castanet-Tolosan
48%
20 100 Cugnaux
47%
11 114 Saint-Jean
47%
394 Saint-Jean-Lherm
47%
2 222 Bagnères-de-Luchon
44%
19 462 Plaisance-du-Touch
44%
1 756 Villeneuve-de-Rivière
43%
562 Villeneuve-Lécussan
43%
1 629 Villeneuve-lès-Bouloc
43%
10 112 Villeneuve-Tolosane
43%
9 245 Aucamville
42%
6 689 Castelnau-d'Estrétefonds
42%
209 Castelnau-Picampeau
42%
4 848 Villefranche-de-Lauragais
42%
9 652 Revel
41%
4 939 Roques
41%
9 966 Auterive
39%
5 841 Carbonne
38%
8 846 Grenade
37%
8 523 Pibrac
37%
5 462 Fenouillet
35%
6 777 Saint-Jory
33%
9 725 Seysses
32%
7 715 Cornebarrieu
31%
12 119 Fonsorbes
31%
6 413 Fronton
31%
5 950 Quint-Fonsegrives
31%
592 Ausson
29%
4 753 Cazères
29%
9 309 Launaguet
29%
4 075 Auzeville-Tolosane
28%
9 382 Frouzins
28%
867 Labarthe-Inard
28%
1 299 Labarthe-Rivière
28%
6 364 Labarthe-sur-Lèze
28%
9 361 Léguevin
28%
310 Montastruc-de-Salies
28%
3 616 Montastruc-la-Conseillère
28%
66 Montastruc-Savès
28%
9 555 Saint-Lys
28%
34 Saint-Paul-d'Oueil
28%
1 615 Saint-Paul-sur-Save
28%
2 938 Noé
27%
4 335 Pins-Justaret
27%
1 211 Vieille-Toulouse
27%
10 784 Castelginest
26%
6 982 Escalquens
26%
3 955 Nailloux
26%
3 456 Baziège
25%
7 127 Beauzelle
25%
1 248 Labastide-Beauvoir
25%
680 Labastide-Clermont
25%
147 Labastide-Paumès
25%
1 954 Labastide-Saint-Sernin
25%
247 Saint-Pierre
25%
896 Saint-Pierre-de-Lages
25%
373 Martres-de-Rivière
24%
2 407 Martres-Tolosane
24%
6 269 Saint-Alban
24%
3 287 Seilh
24%
6 105 Villemur-sur-Tarn
24%
151 La Salvetat-Lauragais
23%
8 497 La Salvetat-Saint-Gilles
23%
6 241 Merville
23%
3 659 Rieumes
23%
2 293 Saint-Sulpice-sur-Lèze
23%
2 887 Brax
22%
3 804 Lherm
22%
1 636 L' Isle-en-Dodon
22%
2 726 Montréjeau
22%
7 265 Aussonne
21%
6 005 Bruguières
21%
4 406 Castelmaurou
21%
177 Montesquieu-Guittaut
21%
1 025 Montesquieu-Lauragais
21%
3 109 Montesquieu-Volvestre
21%
2 561 Montgiscard
21%
4 099 Montrabé
21%
383 Saint-Béat-Lez
21%
6 448 Eaunes
20%
521 Montauban-de-Luchon
20%
3 727 Verfeil
20%
888 Aspet
19%
5 872 Fontenilles
19%
2 089 Lacroix-Falgarde
19%
2 197 Lanta
19%
5 483 Mondonville
19%
954 Pin-Balma
19%
2 627 Rieux-Volvestre
19%
3 213 Longages
18%
102
18%
4 624 Pechbonnieu
18%
2 298 Pompertuzat
18%
4 294 Roquettes
18%
2 747 Venerque
18%
4 754 Bouloc
17%
1 054 Boussens
17%
2 524 Caraman
17%
719 Cierp-Gaud
17%
2 141 Gragnague
17%
1 789 Mons
17%
2 829 Pinsaguel
17%
1 989 Rouffiac-Tolosan
17%
2 312 Sainte-Foy-d'Aigrefeuille
17%
2 101 Sainte-Foy-de-Peyrolières
17%
1 755 Salies-du-Salat
17%
1 615 Avignonet-Lauragais
16%
2 721 Ayguesvives
16%
2 959 Cintegabelle
16%
3 161 Gagnac-sur-Garonne
16%
2 862 Lespinasse
16%
1 056 Saint-Martory
16%
2 048 Flourens
15%
4 501 Gratentour
15%
2 363 Péchabou
15%
237 Saint-Bertrand-de-Comminges
15%
1 261 Saint-Félix-Lauragais
15%
1 242 Aurignac
14%
3 063 Bérat
14%
4 194 Bessières
14%
2 649 Drémil-Lafage
14%
3 394 Lavernose-Lacasse
14%
2 206 Lévignac
14%
1 438 Villenouvelle
14%
2 859 Buzet-sur-Tarn
13%
518 Clermont-le-Fort
13%
1 300 Deyme
13%
2 993 Fonbeauzard
13%
1 320 Gaillac-Toulza
13%
1 182 Gourdan-Polignan
13%
2 178 Le Fauga
13%
921 Saint-Élix-le-Château
13%
43 Saint-Élix-Séglan
13%
1 571 Saint-Hilaire
13%
551 Saint-Julien-sur-Garonne
13%
316 Saint-Michel
13%
3 138 Vernet
13%
1 302 Beaupuy
12%
1 520 Belberaud
12%
1 654 Boulogne-sur-Gesse
12%
1 312 Gardouch
12%
1 918 Garidech
12%
2 940 Labastidette
12%
429 Lagarde
12%
637 Mazères-sur-Salat
12%
1 791 Montlaur
12%
2 512 Saint-Geniès-Bellevue
12%
2 315 Saint-Loup-Cammas
12%
38 Saint-Loup-en-Comminges
12%
1 940 Saint-Sauveur
12%
1 271 Aigrefeuille
11%
969 Aureville
11%
1 587 Auzielle
11%
289 Bonrepos-Riquet
11%
1 249 Bonrepos-sur-Aussonnelle
11%
2 224 Cépet
11%
234 Cier-de-Luchon
11%
274 Cier-de-Rivière
11%
2 440 Daux
11%
2 114 Larra
11%
1 895 Le Fousseret
11%
1 327 Mauzac
11%
506 Montbrun-Bocage
11%
679 Montbrun-Lauragais
11%
775 Ondes
11%
996 Pechbusque
11%
1 590 Beaumont-sur-Lèze
10%
1 102 Cadours
10%
871 Corronsac
10%
1 117 Donneville
10%
232 Fos
10%
843 Goyrans
10%
3 231 Lagardelle-sur-Lèze
10%
2 919 Lapeyrouse-Fossat
10%
290 Mervilla
10%
2 687 Miremont
10%
1 114 Mirepoix-sur-Tarn
10%
1 897 Montaigut-sur-Save
10%
3 099 Montberon
10%
237 Saint-André
10%
1 495 Saint-Clar-de-Rivière
10%
61 Saint-Ferréol-de-Comminges
10%
178 Saint-Laurent
10%
1 300 Saint-Léon
10%
878 Valentine
10%
967 Vigoulet-Auzil
10%
592 Bazus
9%
677 Capens
9%
610 Estancarbon
9%
774 Fourquevaux
9%
620 Issus
9%
628 Lavelanet-de-Comminges
9%
958 Mane
9%
497 Marignac
9%
465 Marignac-Lasclares
9%
200 Marignac-Laspeyres
9%
908 Odars
9%
127 Saint-Lary-Boujean
9%
554 Saint-Mamet
9%
159 Saint-Pé-d'Ardet
9%
143 Saint-Pé-Delbosc
9%
206 Saint-Vincent
9%
2 324 Saubens
9%
273 Arbas
8%
1 062 Auriac-sur-Vendinelle
8%
498 Barbazan
8%
129 Belbèze-de-Lauragais
8%
114 Belbèze-en-Comminges
8%
253 Boutx
8%
129 Cabanac-Cazaux
8%
2 371 Calmont
8%
71 Frontignan-Savès
8%
378 Juzet-de-Luchon
8%
188 Juzet-d'Izaut
8%
1 558 Lamasquère
8%
1 323 Launac
8%
1 653 Lauzerville
8%
745 Le Castéra
8%
435 Lestelle-de-Saint-Martory
8%
93 Lourde
8%
951 Marquefave
8%
911 Mondavezan
8%
219 Mondouzil
8%
105 Montgaillard-de-Salies
8%
695 Montgaillard-Lauragais
8%
77 Montgaillard-sur-Save
8%
1 299 Montjoire
8%
857 Pointis-de-Rivière
8%
934 Pointis-Inard
8%
956 Poucharramet
8%
439 Saint-Marcel-Paulel
8%
592 Saint-Thomas
8%
1 141 Thil
8%
291 Alan
7%
31 Artigue
7%
7 Bourg-d'Oueil
7%
1 110 Bourg-Saint-Bernard
7%
675 Bretx
7%
76 Castillon-de-Larboust
7%
392 Castillon-de-Saint-Martory
7%
66 Cazaux-Layrisse
7%
85 Cazeneuve-Montaut
7%
290 Espanès
7%
78 Frontignan-de-Comminges
7%
279 Gémil
7%
706 Gratens
7%
1 003 Grépiac
7%
98 Laffite-Toupière
7%
1 201 Lafitte-Vigordane
7%
773 Lavalette
7%
439 Le Plan
7%
759 Miramont-de-Comminges
7%
814 Palaminy
7%
723 Préserville
7%
475 Rebigue
7%
794 Roquefort-sur-Garonne
7%
62 Saint-Aventin
7%
127 Salles-et-Pratviel
7%
592 Salles-sur-Garonne
7%
7 Trébons-de-Luchon
7%
470 Trébons-sur-la-Grasse
7%
1 334 Vacquiers
7%
1 599 Villaudric
7%
198 Auribail
6%
664 Azas
6%
645 Beauchalot
6%
168 Benque
6%
28 Benque-Dessous-et-Dessus
6%
446 Blajan
6%
447 Bois-de-la-Pierre
6%
856 Caujac
6%
195 Chaum
6%
668 Clarac
6%
699 Encausse-les-Thermes
6%
315 Figarol
6%
158 Garin
6%
465 Gauré
6%
56 Gouaux-de-Larboust
6%
45 Gouaux-de-Luchon
6%
743 Grazac
6%
943 Le Burgaud
6%
33 Lège
6%
340 Lux
6%
90 Melles
6%
512 Montaut
6%
525 Montgeard
6%
1 241 Paulhac
6%
419 Pouy-de-Touges
6%
543 Renneville
6%
413 Saint-Julia
6%
224 Saint-Médard
6%
59 Saint-Rome
6%
441 Vallesvilles
6%
1 094 Villate
6%
242 Aignes
5%
258 Anan
5%
187 Antichan-de-Frontignes
5%
90 Antignac
5%
86 Arguenos
5%
22 Argut-Dessous
5%
102 Arlos
5%
311 Aulon
5%
418 Auragne
5%
344 Aurin
5%
227 Auzas
5%
12 Baren
5%
472 Beaufort
5%
234 Boussan
5%
179 Cabanac-Séguenville
5%
467 Cassagnabère-Tournas
5%
645 Cassagne
5%
61 Castéra-Vignoles
5%
291 Empeaux
5%
266 Esperce
5%
703 Gargas
5%
113 Gensac-de-Boulogne
5%
448 Gensac-sur-Garonne
5%
71 Herran
5%
236 His
5%
295 Izaut-de-l'Hôtel
5%
322 Labroquère
5%
242 Lacaugne
5%
563 Lagrâce-Dieu
5%
1 200 La Magdelaine-sur-Tarn
5%
1 018 Landorthe
5%
289 Larroque
5%
1 622 Lasserre-Pradère
5%
395 Latrape
5%
443 Le Grès
5%
788 Menville
5%
491 Mérenvielle
5%
74 Montclar-de-Comminges
5%
240 Montclar-Lauragais
5%
138 Montégut-Bourjac
5%
418 Montégut-Lauragais
5%
460 Montespan
5%
454 Montsaunès
5%
389 Noueilles
5%
619 Peyssies
5%
83 Pouze
5%
555 Puydaniel
5%
297 Puymaurin
5%
763 Roquesérière
5%
431 Saint-Rustice
5%
706 Sauveterre-de-Comminges
5%
219 Sengouagnet
5%
520 Soueich
5%
384 Vaudreuille
5%
796 Villariès
5%
1 090 Villematier
5%
120 Agassac
4%
226 Albiac
4%
97 Arbon
4%
354 Ardiège
4%
228 Arnaud-Guilhem
4%
124 Aspret-Sarrat
4%
80 Ausseing
4%
86 Bachas
4%
35 Bachos
4%
112 Bagiry
4%
93 Bax
4%
186 Beauteville
4%
173 Beauville
4%
195 Bellegarde-Sainte-Marie
4%
105 Bellesserre
4%
45 Binos
4%
720 Bondigoux
4%
470 Bordes-de-Rivière
4%
317 Bragayrac
4%
369 Brignemont
4%
409 Caignac
4%
477 Cambernard
4%
231 Caragoudes
4%
189 Castagnède
4%
36 Cathervielle
4%
411 Caubiac
4%
4 Caubous
4%
16 Cazarilh-Laspènes
4%
85 Cazaril-Tambourès
4%
102 Cazeaux-de-Larboust
4%
158 Cessales
4%
250 Charlas
4%
187 Chein-Dessus
4%
220 Ciadoux
4%
14 Cirès
4%
95 Coueilles
4%
412 Couladère
4%
229 Couret
4%
366 Cox
4%
201 Drudas
4%
232 Escanecrabe
4%
534 Estadens
4%
135 Eup
4%
200 Fabas
4%
143 Falga
4%
30 Francazal
4%
195 Fronsac
4%
81 Galié
4%
320 Ganties
4%
153 Garac
4%
71 Génos
4%
383 Gibel
4%
17 Jurvielle
4%
293 Labruyère-Dorsa
4%
196 Lahage
4%
62 Lahitère
4%
161 Laréole
4%
313 Latoue
4%
76 Latour
4%
260 Lautignac
4%
619 Le Born
4%
476 Le Cuing
4%
284 Lécussan
4%
312 Le Faget
4%
103 Le Fréchet
4%
127 Lieoux
4%
452 Loubens-Lauragais
4%
232 Lussan-Adeilhac
4%
378 Mancioux
4%
185 Mascarville
4%
205 Mauran
4%
322 Mauremont
4%
500 Mauressac
4%
87 Mauvezin
4%
179 Milhas
4%
84 Monès
4%
215 Montbernard
4%
36 Mont-de-Galié
4%
169 Montgazin
4%
197 Montmaurin
4%
217 Montoulieu-Saint-Bernard
4%
371 Montpitol
4%
126 Moustajon
4%
121 Ore
4%
263 Péguilhan
4%
520 Pelleport
4%
135 Puysségur
4%
288 Rouède
4%
327 Sabonnères
4%
807 Saiguède
4%
436 Saint-Cézert
4%
237 Saint-Christaud
4%
258 Sainte-Livrade
4%
214 Saint-Frajou
4%
362 Saint-Marcet
4%
393 Saint-Plancard
4%
338 Saleich
4%
245 Sana
4%
211 Saussens
4%
222 Savères
4%
128 Seyre
4%
579 Tarabel
4%
241 Touille
4%
402 Toutens
4%
144 Valcabrère
4%
517 Vallègue
4%
267 Varennes
4%
290 Vendine
4%
358 Vieillevigne
4%
62 Ambax
3%
137 Balesta
3%
109 Bélesta-en-Lauragais
3%
41 Bezins-Garraux
3%
29 Billière
3%
68 Boissède
3%
147 Boudrac
3%
86 Bouzin
3%
119 Burgalays
3%
227 Cambiac
3%
58 Canens
3%
265 Cardeilhac
3%
293 Castagnac
3%
241 Castelbiague
3%
58 Castelgaillard
3%
107 Casties-Labrande
3%
85 Cazac
3%
69 Cazaunous
3%
174 Cuguron
3%
130 Eoux
3%
192 Esténos
3%
115 Folcarde
3%
223 Forgues
3%
100 Fougaron
3%
174 Francarville
3%
242 Francon
3%
331 Franquevielle
3%
79 Fustignac
3%
185 Goutevernisse
3%
81 Gouzens
3%
49 Guran
3%
482 Huos
3%
67 Juzes
3%
256 Lagraulet-Saint-Nicolas
3%
185 Larcan
3%
317 Layrac-sur-Tarn
3%
463 Le Cabanial
3%
85 Lespiteau
3%
295 Lodes
3%
199 Loudet
3%
47 Luscan
3%
35 Mailholas
3%
108 Malvezie
3%
130 Marsoulas
3%
208 Maurens
3%
305 Maureville
3%
214 Mauvaisin
3%
27 Mayrègne
3%
166 Molas
3%
36 Moncaup
3%
51 Monestrol
3%
199 Montberaud
3%
111 Montgras
3%
129 Montoussin
3%
80 Mourvilles-Basses
3%
166 Mourvilles-Hautes
3%
52 Nénigan
3%
96 Nizan-Gesse
3%
93 Nogaret
3%
86 Payssous
3%
77 Peyrissas
3%
94 Plagne
3%
318 Plagnole
3%
53 Polastron
3%
600 Ponlat-Taillebourg
3%
79 Poubeau
3%
34 Razecueillé
3%
58 Rieucazé
3%
137 Rieumajou
3%
52 Riolas
3%
250 Roumens
3%
20 Saccourvielle
3%
129 Saint-Araille
3%
229 Saint-Ignan
3%
130 Saman
3%
78 Sarrecave
3%
249 Saux-et-Pomarède
3%
185 Savarthès
3%
331 Ségreville
3%
209 Seilhan
3%
207 Sepx
3%
47 Signac
3%
21 Sode
3%
139 Terrebasse
3%
118 Urau
3%
308 Vaux
3%
146 Vignaux
3%
79 Escoulis
2%
42 Esparron
2%
41 Goudex
2%
135 Lalouret-Laffiteau
2%
63 Lapeyrère
2%
172 Le Pin-Murelet
2%
73 Lescuns
2%
86 Lespugue
2%
377 Les Tourreilles
2%
129 Lilhac
2%
135 Marliac
2%
66 Martisserre
2%
98 Massabrac
2%
61 Mirambeau
2%
81 Mondilhan
2%
80 Peyrouzet
2%
69 Proupiary
2%
149 Prunet
2%
137 Régades
2%
118 Saint-Germier
2%
116 Sajas
2%
60 Salerm
2%
111 Samouillan
2%
91 Sarremezan
2%
63 Sédeilhac
2%
118 Sénarens
2%
Aucun quiz correspondant
Distribution des résultats
% des personnes avec chaque résultat
Percentile par nombre de réponses
Votre historique - résultats
Vous n’avez pas pris ce quiz